Médicos titulares : (Record no. 101574)

MARC details
000 -LEADER
campo de control de longitud fija 00756nam a2200229 i 4500
001 - NÚMERO DE CONTROL
campo de control 101574
003 - IDENTIFICADOR DE NÚMERO DE CONTROL
campo de control ES-MaACL
005 - FECHA Y HORA DE LA ÚLTIMA TRANSACCIÓN
campo de control 20230906182933.0
007 - CAMPO FIJO DE DESCRIPCIÓN FÍSICA--INFORMACIÓN GENERAL
campo de control de longitud fija t|
008 - DATOS DE LONGITUD FIJA--INFORMACIÓN GENERAL
campo de control de longitud fija 051020s1969 sp ||||1| spa d
080 ## - NÚMERO DE LA CLASIFICACIÓN DECIMAL UNIVERSAL
Número de la Clasificación Decimal Universal 61(078)
245 00 - MENCIÓN DEL TÍTULO
Título Médicos titulares :
Resto del título oposiciones restringidas /
Mención de responsabilidad, etc. por Castaño López-Mesas, Gálvez Vargas, Guaita Egea ... [et al.].
260 ## - PUBLICACIÓN, DISTRIBUCIÓN, ETC.
Lugar de publicación, distribución, etc. Madrid :
Nombre del editor, distribuidor, etc. Pons,
Fecha de publicación, distribución, etc. 1969.
300 ## - DESCRIPCIÓN FÍSICA
Extensión 2 t. en 4 v. ;
Dimensiones 30 cm.
610 24 - PUNTO DE ACCESO ADICIONAL DE MATERIA--NOMBRE DE ENTIDAD CORPORATIVA
Nombre de entidad corporativa o nombre de jurisdicción como elemento de entrada Médicos titulares.
9 (RLIN) 174616
650 #4 - PUNTO DE ACCESO ADICIONAL DE MATERIA--TÉRMINO DE MATERIA
Término de materia o nombre geográfico como elemento de entrada Medicina-
Subdivisión general Contestaciones para oposiciones.
9 (RLIN) 14896
650 #4 - PUNTO DE ACCESO ADICIONAL DE MATERIA--TÉRMINO DE MATERIA
Término de materia o nombre geográfico como elemento de entrada Medicina-
Subdivisión de forma Exámenes, tests, etc.
9 (RLIN) 159567
700 1# - ENTRADA AGREGADA--NOMBRE PERSONAL
Nombre de persona Castaño López-Mesas.
9 (RLIN) 36439
700 1# - ENTRADA AGREGADA--NOMBRE PERSONAL
Nombre de persona Gálvez, R.
9 (RLIN) 174619
700 1# - ENTRADA AGREGADA--NOMBRE PERSONAL
Nombre de persona Guaita Egea.
9 (RLIN) 60277
852 4# - LOCALIZACIÓN
Ubicación ES-MaACL
Número de control de estantería P-1451
Holdings
Estatus retirado Estado de pérdida Estado de daño No para préstamo Biblioteca de origen Biblioteca actual Ubicación en estantería Fecha de adquisición Fuente de adquisición Total de préstamos Signatura topográfica completa Código de barras Visto por última vez Precio de reemplazo Tipo de ítem Koha
        Biblioteca del Ateneo de Madrid Biblioteca del Ateneo de Madrid Depósito 2 17/01/2008     P-1451 1106044 23/02/2023 23/02/2023 Libro impreso